00609nam a2200205Ia 4500003000400000008004100004040001600045082001500061100002900076245007300105700001200178260004200190300000800232650001200240650001700252650001000269942001200279999001700291952009500308GCL140319s9999 xx 000 0 eng d aGCL / cGCL04a937.02bCC1 aMAGNIEN, MICHEL (TRANS.)10aLES CATILINAIRES ORATIONES IN CATILINAM / cMAGNIEN, MICHEL (TRANS.)1 aCICERON a[S.N] : bLE LIVRE DE POCHE ، c1992 a32204aHISTORY04aROMAN EMPIRE04aROMAN 2ddccBK c25374d25374 00104070aCAIbCAId2014-03-26l0o937.02\CCp44712r2014-03-26 00:00:00w2014-03-26yBK